| 000 | 00913nam a2200253 i 4500 | ||
|---|---|---|---|
| 001 | bg | ||
| 003 | KOSZ 005 | ||
| 005 | 20220611095623.0 | ||
| 008 | 070330s2004 pl a |000 0 pol | ||
| 015 | _aPB 12520/2007 | ||
| 020 | _a8391548414 | ||
| 040 | _cBPK | ||
| 041 | _apol | ||
| 080 | _a004.738.5 | ||
| 080 | _a077 | ||
| 245 | 0 | 0 |
_aOblicza Internetu / _c[red. nauk. Marek Sokołowski ; Państwowa Wyższa Szkoła Zawodowa w Elblągu]. |
| 260 |
_aElbląg : _bPaństwowa Wyższa Szkoła Zawodowa ; _aBiskupiec : _b"Algraf", _c2004. |
||
| 300 |
_a296 s. : _bil. ; _c21 cm. |
||
| 650 | 9 | _aInternet | |
| 700 | 1 |
_aSokołowski, Marek _c(nauki filozoficzne). _eRed. |
|
| 856 |
_uhttp://koha.tu.koszalin.pl/cgi-bin/koha/opac-detail.pl?biblionumber=54030 _yKatalog online BPK |
||
| 942 |
_cKS _2UKD |
||
| 999 |
_c54030 _d54030 |
||